000 00298nam a22001337a 4500
008 181023b xxu||||| |||| 00| 0 eng d
020 _a9780965087445
041 _aeng
080 _a940
100 _a16
101 _aSHH
245 _aWars of the Irish Kings
_cCullough,D.W,M
942 _2udc
_cBK
999 _c50594
_d50594